[Event "Copa Latinoamericana de Ajedrez 2011"]
[Site "Montevideo URU"]
[Date "2011.11.06"]
[Round "9.83"]
[White "Zecharies, Alexis"]
[Black "Orguim Da Silva, Joao Carlos"]
[Result "0-1"]
[WhiteElo "1697"]
[BlackElo "1932"]
[PlyCount "78"]
[EventDate "2011.11.01"]
[EventType "swiss"]
[EventRounds "9"]
[EventCountry "URU"]
[Source "lmi"]
[SourceDate "2011.11.01"]

1. d4 d5 2. e4 dxe4 3. Nc3 Nf6 4. f3 exf3 5. Nxf3 Bg4 6. Be3 e6 7. Bc4 Bb4 8.
O-O Bxc3 9. bxc3 Ne4 10. Qe1 Nd6 11. Bb3 Bxf3 12. Rxf3 Nc6 13. a3 Na5 14. Ba2
Nac4 15. Bf4 c6 16. Qe2 b5 17. Rd1 Qe7 18. Bxc4 Nxc4 19. Rg3 g6 20. Qe4 Rc8 21.
Rf1 h6 22. Rgf3 g5 23. Bc1 f5 24. Qe2 Kd7 25. Re1 Rhf8 26. Qd3 Rf7 27. Rf2 Qd6
28. Rfe2 Re8 29. Rf1 Nxa3 30. g4 Rff8 31. Ref2 f4 32. Qe4 Nc4 33. h4 Rf7 34.
Rh2 a5 35. hxg5 hxg5 36. Rh5 a4 37. Rxg5 a3 38. Rg6 Qd5 39. Qxd5+ exd5 0-1

[Event "Copa Latinoamericana de Ajedrez 2011"]
[Site "Montevideo URU"]
[Date "2011.11.06"]
[Round "9.84"]
[White "Idiarte Borda, Jorge"]
[Black "Ortiz, Soledad"]
[Result "1/2-1/2"]
[WhiteElo "2097"]
[BlackElo "1723"]
[PlyCount "172"]
[EventDate "2011.11.01"]
[EventType "swiss"]
[EventRounds "9"]
[EventCountry "URU"]
[Source "lmi"]
[SourceDate "2011.11.01"]

1. Nf3 Nf6 2. d4 g6 3. b3 Bg7 4. Bb2 d5 5. g3 O-O 6. Bg2 c5 7. e3 Nc6 8. O-O
cxd4 9. exd4 Bf5 10. Nbd2 Rc8 11. c4 Nb4 12. Ne5 Nd3 13. Ba3 Re8 14. cxd5 Nxd5
15. Ndc4 Nxe5 16. dxe5 Be6 17. Bb2 b5 18. Na3 a6 19. Rc1 Rxc1 20. Qxc1 Qb8 21.
Re1 Rc8 22. Qd2 Nb6 23. f4 Nd7 24. Bd4 Nc5 25. Qe3 Nd7 26. Rc1 Rxc1+ 27. Qxc1
f6 28. Qc6 Nf8 29. exf6 exf6 30. Qxa6 b4 31. Nc4 Qd8 32. Qd6 Qxd6 33. Nxd6 Nd7
34. Bc6 Nb8 35. Bb5 Bf8 36. Ne4 Kf7 37. Bc5 Bxc5+ 38. Nxc5 Bf5 39. Kf2 Bb1 40.
Ke3 Bxa2 41. Kd4 Ke7 42. Kc4 Kd6 43. Ne4+ Ke6 44. Kxb4 Bb1 45. Nc3 Bc2 46. Ne2
Kd5 47. Bc4+ Ke4 48. Kc3 Bb1 49. Bb5 Ke3 50. Nd4 Kf2 51. Nc6 Nd7 52. Ne7 Nc5
53. b4 Ne4+ 54. Kd4 Kg1 55. Bd3 Bxd3 56. Kxd3 Nd6 57. Ng8 f5 58. Nf6 h5 59. Ke2
Kg2 60. Nd5 Kxh2 61. Kf3 Ne4 62. b5 Nd6 63. b6 Kh3 64. Ne7 h4 65. gxh4 Kxh4 66.
Nxg6+ Kh5 67. Ne7 Kh6 68. Nxf5+ Nxf5 69. b7 Nd4+ 70. Ke4 Nc6 71. Kd5 Nb8 72.
Ke6 Kg7 73. f5 Kf8 74. Kf6 Nd7+ 75. Kg6 Kg8 76. f6 Nb8 77. f7+ Kf8 78. Kf6 Nd7+
79. Ke6 Nb8 80. Kd6 Kxf7 81. Kc7 Na6+ 82. Kb6 Nb8 83. Ka7 Nc6+ 84. Kb6 Nb8 85.
Kc7 Na6+ 86. Kd8 Ke6 1/2-1/2

[Event "Copa Latinoamericana de Ajedrez 2011"]
[Site "Montevideo URU"]
[Date "2011.11.06"]
[Round "9.85"]
[White "Ferrari, Carlos"]
[Black "Tacoronte, Daniel"]
[Result "0-1"]
[WhiteElo "1888"]
[BlackElo "2187"]
[PlyCount "86"]
[EventDate "2011.11.01"]
[EventType "swiss"]
[EventRounds "9"]
[EventCountry "URU"]
[Source "lmi"]
[SourceDate "2011.11.01"]

1. f4 d5 2. Nf3 Nf6 3. g3 Bf5 4. d3 h6 5. Bg2 e6 6. O-O Bc5+ 7. e3 O-O 8. h3 c6
9. Qe1 Nbd7 10. Kh2 Re8 11. b3 Qb6 12. a3 Bh7 13. Bd2 e5 14. fxe5 Nxe5 15. Nc3
Qc7 16. Ne2 Bd6 17. Bc3 Neg4+ 18. hxg4 Nxg4+ 19. Kh1 Nxe3 20. Qf2 Nxf1 21. Rxf1
Re7 22. Bd2 g5 23. Be1 Rae8 24. Nfg1 Bg6 25. Bf3 b6 26. Qh2 Kg7 27. Bc3+ Be5
28. Bb4 c5 29. Bd2 Qd6 30. Be1 d4 31. Bf2 f5 32. Bg2 h5 33. Nf3 Bf6 34. Neg1
Rh8 35. Nd2 g4 36. Re1 Rxe1 37. Bxe1 h4 38. gxh4 Be5 39. Nc4 Bxh2 40. Nxd6 Bxd6
41. Ne2 f4 42. Be4 Bxe4+ 43. dxe4 g3 0-1

[Event "Copa Latinoamericana de Ajedrez 2011"]
[Site "Montevideo URU"]
[Date "2011.11.06"]
[Round "9.86"]
[White "Rodríguez, Eduardo"]
[Black "Blanchard, Marcel"]
[Result "1/2-1/2"]
[WhiteElo "2015"]
[BlackElo "1840"]
[PlyCount "129"]
[EventDate "2011.11.01"]
[EventType "swiss"]
[EventRounds "9"]
[EventCountry "URU"]
[Source "lmi"]
[SourceDate "2011.11.01"]

1. e4 e5 2. Nf3 Nc6 3. Bb5 a6 4. Ba4 Nf6 5. d4 exd4 6. O-O d5 7. exd5 Nxd5 8.
Re1+ Be7 9. Nxd4 Nb6 10. Bxc6+ bxc6 11. Qe2 Bd7 12. Bg5 f6 13. Qh5+ g6 14. Qh6
Kf7 15. Bd2 c5 16. Nb3 Nd5 17. Nc3 c6 18. Rad1 Rb8 19. Ne4 Bg4 20. f3 Bf5 21.
Ba5 Qc8 22. Nexc5 g5 23. Ne4 Bf8 24. Qh5+ Bg6 25. Qg4 Qxg4 26. fxg4 h5 27. c4
Bxe4 28. Rxe4 Nf4 29. Rd7+ Kg6 30. gxh5+ Rxh5 31. Bc7 Rb7 32. Re8 Rh8 33. h3
Rxb3 34. Rxf8 Rxf8 35. axb3 Re8 36. Bxf4 gxf4 37. Rd2 Rb8 38. Rd3 Kf5 39. Kf2
Ke4 40. Rf3 a5 41. h4 a4 42. h5 Kf5 43. h6 Kg6 44. Rh3 Kh7 45. bxa4 Rxb2+ 46.
Kf3 Ra2 47. Rh5 Rxa4 48. Rc5 Ra6 49. Kxf4 Kxh6 50. Kf5 Kg7 51. Ke6 Ra2 52. Rxc6
Rxg2 53. Rc7+ Kg6 54. c5 f5 55. Rc8 Re2+ 56. Kd5 f4 57. c6 Kg7 58. c7 Rc2 59.
Ke4 Rc4+ 60. Kf3 Kh7 61. Ke2 Kg7 62. Kd3 Rc1 63. Ke4 Rc4+ 64. Kd5 Rc1 65. Ke4
1/2-1/2

[Event "Copa Latinoamericana de Ajedrez 2011"]
[Site "Montevideo URU"]
[Date "2011.11.06"]
[Round "9.87"]
[White "Barra de Oliveira, Francemir"]
[Black "De La Torre, Andrés"]
[Result "1-0"]
[WhiteElo "1806"]
[BlackElo "2047"]
[PlyCount "94"]
[EventDate "2011.11.01"]
[EventType "swiss"]
[EventRounds "9"]
[EventCountry "URU"]
[Source "lmi"]
[SourceDate "2011.11.01"]

1. e4 d6 2. d4 Nf6 3. Bd3 e5 4. Ne2 c5 5. c3 g6 6. Bg5 h6 7. Be3 g5 8. h3 Nc6
9. Nd2 cxd4 10. cxd4 Bg7 11. d5 Ne7 12. Ng3 O-O 13. Nh5 Nxh5 14. Qxh5 Ng6 15.
O-O-O Nf4 16. Bxf4 exf4 17. Nb1 Qb6 18. Rd2 Bd7 19. Qe2 Rac8+ 20. Kd1 Rc7 21.
b3 Rfc8 22. Bc2 Bb5 23. Qf3 Qc5 24. g3 Qxc2+ 25. Rxc2 Rxc2 26. Na3 Be2+ 27.
Qxe2 Rxe2 28. Kxe2 fxg3 29. fxg3 Be5 30. g4 Kf8 31. Nc4 b5 32. Nxe5 dxe5 33.
Kd3 Ke7 34. Kd2 Kd6 35. Rf1 b4 36. Rxf7 Rc3 37. Rf6+ Ke7 38. Rxh6 Rf3 39. Re6+
Kd7 40. Rxe5 Kd6 41. Rxg5 Kc5 42. h4 Kd4 43. d6 Rf2+ 44. Ke1 Ke3 45. d7 Re2+
46. Kf1 Rf2+ 47. Kg1 Ke2 1-0

[Event "Copa Latinoamericana de Ajedrez 2011"]
[Site "Montevideo URU"]
[Date "2011.11.06"]
[Round "9.88"]
[White "Pos, Marcos"]
[Black "Ligato, Guillermo"]
[Result "1-0"]
[WhiteElo "1931"]
[BlackElo "1789"]
[PlyCount "24"]
[EventDate "2011.11.01"]
[EventType "swiss"]
[EventRounds "9"]
[EventCountry "URU"]
[Source "lmi"]
[SourceDate "2011.11.01"]

1. e4 g6 2. d4 c6 3. Nf3 d5 4. exd5 Bg4 5. dxc6 Bxf3 6. Qxf3 Nxc6 7. Bb5 Qa5+
8. Nc3 O-O-O 9. Bxc6 bxc6 10. Qxc6+ Kb8 11. Bf4+ Rd6 12. Bxd6+ exd6 1-0

[Event "Copa Latinoamericana de Ajedrez 2011"]
[Site "Montevideo URU"]
[Date "2011.11.06"]
[Round "9.89"]
[White "Nacelle, Daniel"]
[Black "López, César"]
[Result "0-1"]
[WhiteElo "1860"]
[BlackElo "1758"]
[PlyCount "80"]
[EventDate "2011.11.01"]
[EventType "swiss"]
[EventRounds "9"]
[EventCountry "URU"]
[Source "lmi"]
[SourceDate "2011.11.01"]

1. d4 d5 2. c4 Nf6 3. Nc3 c6 4. Nf3 Bg4 5. Qb3 Bxf3 6. gxf3 Qd7 7. cxd5 Nxd5 8.
e4 Nxc3 9. bxc3 e6 10. Rb1 b6 11. Rg1 g6 12. Be2 Bg7 13. Ba3 a5 14. Qxb6 Qc8
15. Bd6 Nd7 16. Qb7 Bf8 17. Qxc8+ Rxc8 18. Bxf8 Kxf8 19. Kd2 Rc7 20. Rb2 Ke7
21. Rgb1 Rhc8 22. Ke3 c5 23. Rb7 cxd4+ 24. cxd4 Rc3+ 25. Kf4 Rc2 26. Bb5 Rd8
27. a4 Rxf2 28. Rc1 Rxh2 29. Rcc7 Rg2 30. Bxd7 g5+ 31. Ke3 Kf6 32. Bb5 Rf8 33.
Ra7 h5 34. Rxa5 h4 35. Rc1 h3 36. Rh1 h2 37. e5+ Kg7 38. f4 Rh8 39. Bc6 Rh3+
40. Ke4 Re2# 0-1

[Event "Copa Latinoamericana de Ajedrez 2011"]
[Site "Montevideo URU"]
[Date "2011.11.06"]
[Round "9.90"]
[White "Hengel, Roberto Carlos"]
[Black "Guelvenzu, Esteban"]
[Result "1-0"]
[WhiteElo "1927"]
[BlackElo "1861"]
[PlyCount "103"]
[EventDate "2011.11.01"]
[EventType "swiss"]
[EventRounds "9"]
[EventCountry "URU"]
[Source "lmi"]
[SourceDate "2011.11.01"]

1. e4 c5 2. Nf3 d6 3. d4 cxd4 4. Nxd4 Nf6 5. Nc3 g6 6. Bc4 Bg7 7. O-O O-O 8.
Re1 Nc6 9. Nb3 Qb6 10. Be3 Qc7 11. Bf1 a6 12. Bg5 h6 13. Bxf6 exf6 14. Nd5 Qd8
15. c3 f5 16. Nd4 Nxd4 17. cxd4 fxe4 18. Rxe4 Be6 19. Nc3 d5 20. Re3 Rc8 21.
Be2 Qb6 22. Na4 Qxd4 23. Rd3 Qb4 24. Bf3 Rfd8 25. h3 Bf5 26. Rd2 d4 27. Nc3 d3
28. a3 Qd4 29. Bxb7 Rxc3 30. bxc3 Qxc3 31. Rb1 Qxa3 32. Rb3 Qa5 33. g4 Be6 34.
Rbxd3 Rxd3 35. Rxd3 Bc4 36. Rd8+ Kh7 37. Bg2 Qa1 38. Qxa1 Bxa1 39. Rc8 Bb5 40.
Rc7 a5 41. Rxf7+ Kg8 42. Bd5 Kh8 43. Rb7 Be2 44. Bg2 Bc3 45. Bf1 Bd1 46. Rd7
Ba4 47. Rb7 Bb4 48. Bd3 g5 49. Ra7 Kg8 50. Ra6 Bd1 51. Rb6 Bd2 52. Rb1 1-0

[Event "Copa Latinoamericana de Ajedrez 2011"]
[Site "Montevideo URU"]
[Date "2011.11.06"]
[Round "9.91"]
[White "Dos Santos, Jonathan"]
[Black "Piñero, Ismael"]
[Result "0-1"]
[WhiteElo "1820"]
[BlackElo "1874"]
[PlyCount "56"]
[EventDate "2011.11.01"]
[EventType "swiss"]
[EventRounds "9"]
[EventCountry "URU"]
[Source "lmi"]
[SourceDate "2011.11.01"]

1. d4 Nf6 2. Nf3 g6 3. c4 Bg7 4. Nc3 d6 5. Bg5 h6 6. Bh4 O-O 7. e4 Na6 8. Be2
c6 9. O-O e5 10. dxe5 dxe5 11. Qxd8 Rxd8 12. Rad1 Re8 13. Rd6 Nd7 14. Rfd1 Nf8
15. a3 g5 16. Bg3 Ng6 17. b4 Be6 18. h4 g4 19. Nd2 Nf4 20. Bxf4 exf4 21. Na4
Be5 22. Rd3 f5 23. f3 fxe4 24. fxe4 Rad8 25. b5 Rxd3 26. Bxd3 Nc5 27. Nxc5 Bd4+
28. Kf1 Bxc5 0-1

[Event "Copa Latinoamericana de Ajedrez 2011"]
[Site "Montevideo URU"]
[Date "2011.11.06"]
[Round "9.92"]
[White "Rey, Fernando"]
[Black "Fernandez, Carlos"]
[Result "0-1"]
[WhiteElo "1810"]
[BlackElo "1865"]
[PlyCount "60"]
[EventDate "2011.11.01"]
[EventType "swiss"]
[EventRounds "9"]
[EventCountry "URU"]
[Source "lmi"]
[SourceDate "2011.11.01"]

1. e4 c5 2. Nc3 Nf6 3. g3 Nc6 4. Bg2 d6 5. d3 g6 6. Nge2 Bg7 7. O-O O-O 8. f4
Bg4 9. h3 Bxe2 10. Nxe2 e6 11. c3 Rc8 12. Be3 b6 13. g4 d5 14. e5 Ne8 15. Rc1
f6 16. d4 Qe7 17. Qd2 Nc7 18. exf6 Bxf6 19. f5 gxf5 20. gxf5 Kh8 21. Nf4 e5 22.
Bxd5 exf4 23. Bxf4 Nxd5 24. Rce1 Qg7+ 25. Kh1 Nxf4 26. Qxf4 cxd4 27. cxd4 Nxd4
28. Re4 Rg8 29. Qg4 Qb7 30. Qf4 Ne2 0-1

[Event "Copa Latinoamericana de Ajedrez 2011"]
[Site "Montevideo URU"]
[Date "2011.11.06"]
[Round "9.93"]
[White "Ibañez, Marcelo"]
[Black "Zoppolo, Cedric"]
[Result "1/2-1/2"]
[WhiteElo "1854"]
[BlackElo "1744"]
[PlyCount "61"]
[EventDate "2011.11.01"]
[EventType "swiss"]
[EventRounds "9"]
[EventCountry "URU"]
[Source "lmi"]
[SourceDate "2011.11.01"]

1. e4 e5 2. Nf3 Nc6 3. Bc4 Nf6 4. d3 Be7 5. O-O O-O 6. Nc3 d6 7. h3 Bd7 8. Re1
Qc8 9. d4 Na5 10. Bd3 exd4 11. Nxd4 Re8 12. Nd5 Nc6 13. Nxe7+ Rxe7 14. c3 h6
15. f4 Qe8 16. Qe2 Nxd4 17. cxd4 Bf5 18. e5 Bxd3 19. Qxd3 dxe5 20. fxe5 Nd5 21.
Bd2 c6 22. Qg3 Re6 23. Re4 Rg6 24. Rg4 Rxg4 25. Qxg4 Qe6 26. Qg3 Ne7 27. Rf1
Rd8 28. Qh4 Rd7 29. Qf2 Qxa2 30. Bb4 Ng6 31. Bd6 1/2-1/2

[Event "Copa Latinoamericana de Ajedrez 2011"]
[Site "Montevideo URU"]
[Date "2011.11.06"]
[Round "9.94"]
[White "Bidigaray, Marcio"]
[Black "De San Vicente, Sabrina"]
[Result "0-1"]
[WhiteElo "1779"]
[BlackElo "1707"]
[PlyCount "53"]
[EventDate "2011.11.01"]
[EventType "swiss"]
[EventRounds "9"]
[EventCountry "URU"]
[Source "lmi"]
[SourceDate "2011.11.01"]

1. e4 e5 2. f4 Bc5 3. Nf3 d6 4. Bc4 Nf6 5. f5 h6 6. d3 Nc6 7. c3 Bb6 8. Bb3 Bd7
9. Nbd2 a6 10. Nc4 Ba7 11. Be3 Qe7 12. Bxa7 Nxa7 13. O-O O-O-O 14. Ne3 Bc6 15.
Ba4 Qd7 16. Bxc6 Qxc6 17. Qb3 Rhf8 18. Nd2 Qb5 19. Qxb5 Nxb5 20. a4 Na7 21. b4
d5 22. Rfd1 dxe4 23. dxe4 Rd3 24. Nec4 Rfd8 25. Kf1 Nxe4 26. b5 Nxd2+ 27. Nxd2
0-1

[Event "Copa Latinoamericana de Ajedrez 2011"]
[Site "Montevideo URU"]
[Date "2011.11.06"]
[Round "9.95"]
[White "Gatti, Santiago"]
[Black "Izquierdo, Martín"]
[Result "1/2-1/2"]
[WhiteElo "1687"]
[BlackElo "1438"]
[PlyCount "32"]
[EventDate "2011.11.01"]
[EventType "swiss"]
[EventRounds "9"]
[EventCountry "URU"]
[Source "lmi"]
[SourceDate "2011.11.01"]

1. d4 d6 2. Nf3 Nf6 3. Bf4 g6 4. e3 Bg7 5. h3 O-O 6. Be2 Nc6 7. O-O Bf5 8. c4
Qc8 9. Kh2 Rd8 10. Nc3 e5 11. Bg3 e4 12. Nd2 d5 13. cxd5 Ne7 14. d6 cxd6 15.
Nb5 Ne8 16. Nc4 d5 1/2-1/2

[Event "Copa Latinoamericana de Ajedrez 2011"]
[Site "Montevideo URU"]
[Date "2011.11.06"]
[Round "9.97"]
[White "Britos, Alexander"]
[Black "Belbey, Juan"]
[Result "0-1"]
[WhiteElo "2052"]
[BlackElo "1672"]
[PlyCount "63"]
[EventDate "2011.11.01"]
[EventType "swiss"]
[EventRounds "9"]
[EventCountry "URU"]
[Source "lmi"]
[SourceDate "2011.11.01"]

1. e4 g6 2. Be2 d6 3. d4 c6 4. Bf4 d5 5. Bf3 h5 6. exd5 cxd5 7. Be5 f6 8. Bxb8
Rxb8 9. Nc3 e6 10. Qe2 Kf7 11. h4 Qb6 12. O-O-O Bd7 13. g4 Rc8 14. gxh5 Rxc3
15. hxg6+ Kxg6 16. bxc3 Ba3+ 17. Kd2 Ne7 18. Nh3 Nf5 19. Rhg1+ Kf7 20. Bh5+ Ke7
21. Nf4 Kd8 22. Bf7 Nxd4 23. cxd4 Qxd4+ 24. Ke1 Qxf4 25. Bxe6 Bxe6 26. Qxe6 Re8
27. Rg8 Rxg8 28. Qxg8+ Ke7 29. Qxd5 Bb4+ 30. Kf1 Qxh4 31. Qd7+ Kf8 32. Qe6 0-1

[Event "Copa Latinoamericana de Ajedrez 2011"]
[Site "Montevideo URU"]
[Date "2011.11.06"]
[Round "9.99"]
[White "Quevedo, Andreína"]
[Black "Avedisián, Alexander"]
[Result "1/2-1/2"]
[WhiteElo "1962"]
[BlackElo "1530"]
[PlyCount "96"]
[EventDate "2011.11.01"]
[EventType "swiss"]
[EventRounds "9"]
[EventCountry "URU"]
[Source "lmi"]
[SourceDate "2011.11.01"]

1. e4 c5 2. Nf3 Nc6 3. d4 cxd4 4. Nxd4 g6 5. Nc3 Bg7 6. Be3 Nf6 7. Be2 O-O 8.
O-O d5 9. exd5 Nb4 10. Qd2 Nbxd5 11. Nxd5 Qxd5 12. c3 Ne4 13. Qd3 e5 14. Nf3
Qxd3 15. Bxd3 Bf5 16. Rfd1 Rfd8 17. Nh4 Nxc3 18. bxc3 Rxd3 19. Nxf5 Rxd1+ 20.
Rxd1 gxf5 21. Rd7 f4 22. Bd2 b5 23. Rb7 Rd8 24. Be1 Rd1 25. Kf1 e4 26. Rb8+ Bf8
27. Rxb5 f3 28. gxf3 exf3 29. Rg5+ Kh8 30. Rf5 Rd3 31. Rxf7 Bc5 32. Rf5 Bd6 33.
Ra5 Bf4 34. Ra4 Bxh2 35. Rxa7 Rd5 36. Rf7 Rd3 37. a4 Kg8 38. Rf5 Kg7 39. a5 Kg6
40. Rb5 Rd6 41. Rb6 Rxb6 42. axb6 Kf5 43. c4 Bd6 44. b7 Ke5 45. Bb4 Bb8 46. Ke1
Kd4 47. c5 Kd5 48. Kd1 h5 1/2-1/2

[Event "Copa Latinoamericana de Ajedrez 2011"]
[Site "Montevideo URU"]
[Date "2011.11.06"]
[Round "9.100"]
[White "Rijo, Pedro"]
[Black "Álvarez, Miguel"]
[Result "0-1"]
[WhiteElo "1585"]
[BlackElo "1932"]
[PlyCount "44"]
[EventDate "2011.11.01"]
[EventType "swiss"]
[EventRounds "9"]
[EventCountry "URU"]
[Source "lmi"]
[SourceDate "2011.11.01"]

1. e4 Nf6 2. Nc3 d5 3. exd5 Nxd5 4. Bc4 Nxc3 5. bxc3 e6 6. Nf3 Be7 7. O-O Nc6
8. Re1 O-O 9. Bb2 Bd7 10. Rb1 Bd6 11. d4 Ne7 12. Bd3 h6 13. c4 c6 14. c5 Bc7
15. Re4 Ng6 16. Qe2 f5 17. Rxe6 Nf4 18. Qd2 Bxe6 19. Qc3 Bd5 20. Bc4 Bxc4 21.
Qxc4+ Qd5 22. Qc3 Ne2+ 0-1

[Event "Copa Latinoamericana de Ajedrez 2011"]
[Site "Montevideo URU"]
[Date "2011.11.06"]
[Round "9.101"]
[White "Marrero, Javier"]
[Black "Pintos, Luis"]
[Result "1-0"]
[WhiteElo "1924"]
[BlackElo "1567"]
[PlyCount "73"]
[EventDate "2011.11.01"]
[EventType "swiss"]
[EventRounds "9"]
[EventCountry "URU"]
[Source "lmi"]
[SourceDate "2011.11.01"]

1. d4 Nf6 2. Bg5 d5 3. Bxf6 exf6 4. e3 Be7 5. g3 f5 6. Bg2 c6 7. Nd2 O-O 8. c4
dxc4 9. Nxc4 Bb4+ 10. Nd2 Qa5 11. Ngf3 Bxd2+ 12. Nxd2 Qb5 13. Qc2 Be6 14. b3
Nd7 15. Nc4 Bxc4 16. bxc4 Qa5+ 17. Ke2 Nb6 18. Rhc1 g6 19. Kf1 Rab8 20. Rab1
Qa4 21. Qc3 Nd7 22. Rb4 Qa5 23. Qb2 Qc7 24. c5 Rfc8 25. a4 Qa5 26. Kg1 Qa6 27.
a5 Rc7 28. Bf1 b5 29. axb6 Qb7 30. bxc7 Qxc7 31. Rxb8+ Nxb8 32. Rb1 Nd7 33. Qb7
Qd8 34. Qxa7 Kg7 35. Rb7 Nf6 36. Rxf7+ Kh6 37. Qe7 1-0

[Event "Copa Latinoamericana de Ajedrez 2011"]
[Site "Montevideo URU"]
[Date "2011.11.06"]
[Round "9.105"]
[White "Sánchez, Ezequiel"]
[Black "López, Paulo"]
[Result "0-1"]
[WhiteElo "1682"]
[BlackElo "1798"]
[PlyCount "66"]
[EventDate "2011.11.01"]
[EventType "swiss"]
[EventRounds "9"]
[EventCountry "URU"]
[Source "lmi"]
[SourceDate "2011.11.01"]

1. e4 e5 2. Nf3 Nc6 3. Nc3 Nf6 4. Bb5 d6 5. Bxc6+ bxc6 6. O-O Be7 7. d3 h6 8.
d4 Bg4 9. h3 exd4 10. Ne2 Bxf3 11. gxf3 c5 12. Bf4 Qd7 13. Bg3 Qxh3 14. Nf4 Qd7
15. Re1 O-O 16. c3 Rab8 17. Rb1 a5 18. b3 Rb5 19. c4 Rb7 20. Re2 c6 21. Qf1
Rfb8 22. Reb2 a4 23. Qc1 a3 24. Rd2 Ra8 25. Bh4 g5 26. Bg3 gxf4 27. Kf1 Qh3+
28. Ke2 fxg3 29. fxg3 Qg2+ 30. Kd3 Qxf3+ 31. Kc2 Ng4 32. Rd3 Ne3+ 33. Kd2 Qf2#
0-1

[Event "Copa Latinoamericana de Ajedrez 2011"]
[Site "Montevideo URU"]
[Date "2011.11.06"]
[Round "9.106"]
[White "Sánchez Britos, Alexander"]
[Black "Riverol, Santiago"]
[Result "1-0"]
[WhiteElo "1623"]
[BlackElo "1337"]
[PlyCount "63"]
[EventDate "2011.11.01"]
[EventType "swiss"]
[EventRounds "9"]
[EventCountry "URU"]
[Source "lmi"]
[SourceDate "2011.11.01"]

1. e4 g6 2. d4 Bg7 3. Nf3 Nf6 4. Nc3 O-O 5. e5 Ne8 6. Bg5 b6 7. g3 Bb7 8. Bg2
f5 9. Qd2 d5 10. Bh6 Bxh6 11. Qxh6 e6 12. Ng5 Ng7 13. O-O-O Rf7 14. Nxf7 Kxf7
15. Qxh7 Qg5+ 16. f4 Qh5 17. Qxh5 gxh5 18. Nb5 Ne8 19. Bf3 Kg6 20. h3 Bc6 21.
Nc3 Nd7 22. g4 hxg4 23. hxg4 Ng7 24. gxf5+ Nxf5 25. Bh5+ Kg7 26. Rdg1+ Kf8 27.
Bg6 Ke7 28. Bxf5 exf5 29. Rg6 Bb7 30. Rh7+ Ke8 31. e6 Nf8 32. Rg8 1-0

[Event "Copa Latinoamericana de Ajedrez 2011"]
[Site "Montevideo URU"]
[Date "2011.11.06"]
[Round "9.107"]
[White "Bengochea, Ricardo"]
[Black "Roibal, Felisardo"]
[Result "0-1"]
[WhiteElo "1504"]
[BlackElo "1518"]
[PlyCount "55"]
[EventDate "2011.11.01"]
[EventType "swiss"]
[EventRounds "9"]
[EventCountry "URU"]
[Source "lmi"]
[SourceDate "2011.11.01"]

1. e4 Nf6 2. e5 Ne4 3. Qe2 Nc5 4. d4 Nca6 5. Nc3 c6 6. Nf3 e6 7. Bd2 Nc7 8.
O-O-O b5 9. Ne4 Ba6 10. Nd6+ Bxd6 11. exd6 Nd5 12. Qe1 Qc8 13. Bd3 Bb7 14. Be4
h6 15. Bb4 Nxb4 16. Qxb4 Qd8 17. Qe1 a5 18. Ne5 Ra7 19. Qe3 Na6 20. Qf4 O-O 21.
a3 Ba8 22. Qg3 Qg5+ 23. Qxg5 hxg5 24. c3 f5 25. Ng6 fxe4 26. Nxf8 Kxf8 27. h4
g4 28. g3 0-1